Muzeum piśmiennictwa czeskiego : [prop. brožura o Památníku národního písemnictví] /

Uložené v:
Podrobná bibliografia
Hlavný autor: Dvořáček, Jaroslav (Author)
Médium: Kniha
Jazyk:Polish
Czech
Vydané: Praha : Orbis, 1956.
Vydanie:1. wyd.
ISBN: (brož.)
Fyzický popis: 58, [2] s. : [8] s. obr. príl.
Tagy: Pridať tag
Žiadne tagy, Buďte prvý kto otaguje tento záznam!

MARC

LEADER 00000nam a22000001 4500
001 000423213
005 20130623143720.0
008 981107s1956 xr e pol d
020 |a (brož.) 
040 |a SVKKK  |b slo  |c SVKKK  |e AACR2 
041 1 |a pol  |h cze 
044 |a xr  |c CZ 
100 1 |a Dvořáček, Jaroslav  |4 aut 
245 1 0 |a Muzeum piśmiennictwa czeskiego :  |b [prop. brožura o Památníku národního písemnictví] /  |c Jaroslav Dvořáček. 
250 |a 1. wyd. 
260 |a Praha :  |b Orbis,  |c 1956. 
300 |a 58, [2] s. :  |b [8] s. obr. príl. 
546 |a Preložené z čes. jaz. do pol. jaz. 
500 |a Fareb. il. frontispice 
910 |a svkkk 
998 |a BK 
090 |g SCKHL  |k Sklad Pribinova prízemie  |a I.10241  |j 130539  |i 2720378604  |s Prezenčne 
090 |g SCKHL  |k Sklad Pribinova prízemie  |a I.9463  |j 136473  |i 2720386812  |s Prezenčne